El estado de flujos de efectivo: bases para su preparación y presentación
Uloženo v:
| Hlavní autoři: | , |
|---|---|
| Médium: | Kniha |
| Jazyk: | španělština |
| Vydáno: |
Santiago
Magistra
1998
|
| Témata: | |
| Tagy: |
Přidat tag
Žádné tagy, Buďte první, kdo vytvoří štítek k tomuto záznamu!
|
MARC
| LEADER | 00000nam a2200000 a 4500 | ||
|---|---|---|---|
| 001 | UCR7077 | ||
| 003 | CL-VaPUC | ||
| 008 | 980430e19980000CL |||||||||||||||||spa|d | ||
| 082 | 0 | 4 | |a 657.3 |b OPA |2 21 |
| 100 | |a Opazo Carrasco, Jorge |e autor |9 408364 | ||
| 700 | 0 | |a Pesce Bravo, Julio |e author |9 408365 | |
| 245 | 1 | 3 | |a El estado de flujos de efectivo: bases para su preparación y presentación |
| 300 | |a 190 p | ||
| 942 | |c BK | ||
| 945 | |d 19980430 00:00:00 |a rbrito | ||
| 260 | |a Santiago |b Magistra |c 1998 | ||
| 650 | 0 | |a Contabilidad |9 261430 | |
| 650 | 0 | |a Informes financieros |9 408366 | |
| 650 | 0 | |a Flujos monetarios |9 408367 | |
| 650 | 0 | |a Economía |9 255568 | |
| 650 | 0 | |a Finanzas |9 260832 | |
| 650 | 7 | |a MOVIMIENTO DE CAPITAL |2 CL-VaPUC |9 345100 | |
| 650 | 7 | |a INSTITUCIONES FINANCIERAS |2 CL-VaPUC |9 257940 | |
| 651 | 7 | |a CHILE |2 CL-VaPUC |9 408368 | |
| 583 | |a last modification |c 19980430 00:00:00 |k Rodrigo Vera | ||
| 999 | |c 268927 |d 268925 | ||
| 952 | |0 0 |1 0 |4 0 |6 657_300000000000000_OPA_1998 |7 0 |8 A |9 302408 |a BIBGIM |b BIBGIM |d 2019-11-20 |i 3424006 |l 1 |o 657.3 OPA 1998 |p 3424006 |r 2025-01-15 |s 2024-07-09 |w 2019-11-20 |y BK |k COM | ||
| 952 | |0 0 |1 0 |4 0 |6 657_300000000000000_OPA_1998 |7 0 |8 A |9 302409 |a BIBGIM |b BIBGIM |d 2019-11-20 |i 3424014 |o 657.3 OPA 1998 |p 3424014 |r 2025-01-15 |w 2019-11-20 |y BK |k COM | ||
| 952 | |0 0 |1 0 |4 0 |6 657_300000000000000_OPA_1998 |7 0 |8 A |9 302410 |a BIBGIM |b BIBGIM |d 2019-11-20 |i 3424022 |o 657.3 OPA 1998 |p 3424022 |r 2025-01-15 |w 2019-11-20 |y BK |k COM | ||
| 952 | |0 0 |1 0 |4 0 |6 657_300000000000000_OPA_1998 |7 0 |8 A |9 302411 |a BIBGIM |b BIBGIM |d 2019-11-20 |i 3451380 |o 657.3 OPA 1998 |p 3451380 |r 2025-01-15 |w 2019-11-20 |y BK |k COM | ||